Transculturación en Fernando Ortíz /

Kaydedildi:
Detaylı Bibliyografya
Yazar: Iznaga, Diana
Materyal Türü: Bilinmiyor
Dil:Spanish
Baskı/Yayın Bilgisi: La Habana, Cuba : Editorial de Ciencias Sociales, 1989.
Konular:
Etiketler: Etiketle
Etiket eklenmemiş, İlk siz ekleyin!

MARC

LEADER 000000000a22000000004500
001 001678
041 0 |a spa 
082 0 4 |a 972.910.049.6   |b I-99t 
100 1 |a Iznaga, Diana 
245 1 0 |a Transculturación en Fernando Ortíz /   |c Diana Iznaga. 
260 1 |a La Habana, Cuba :   |b Editorial de Ciencias Sociales,   |c 1989. 
300 |a 112 páginas 
650 4 |a ORTIZ, FERNANDO, 1881-1969 
650 4 |a NEGROS 
650 4 |a ACULTURACION CUBANA 
650 4 |a ETNOLOGIA 
650 4 |a CUBA 
650 4 |a CIVILIZACION 
999 |c 8372  |d 8372 
942 |c BK  |h 972.910.049.6 I-99t  |2 z